|
|
|
|
| LEADER |
00000cam a2200000 7i4500 |
| 001 |
0000003614 |
| 005 |
20070927.0 |
| 020 |
0 |
0 |
|a 9789832181897 (v.6)
|
| 090 |
0 |
0 |
|a 581.095952
|b TRE
|
| 245 |
1 |
0 |
|a Tree flora of Sabah and Sarawak
|c edited by E. Soepadmo, L.G. Saw and R.C.K. Chung
|
| 260 |
0 |
0 |
|a Kuala Lumpur :
|b Forest Research Institute Malaysia ,
|c 2007
|
| 504 |
0 |
0 |
|a Includes bibliographical references and index
|
| 650 |
0 |
0 |
|a Botany
|x Classification
|
| 650 |
0 |
0 |
|a Botany
|z Borneo
|
| 650 |
0 |
0 |
|a Botany
|z Sabah
|
| 650 |
0 |
0 |
|a Botany
|z Sarawak
|
| 650 |
0 |
0 |
|a Plants
|x Identification
|
| 700 |
1 |
1 |
|a Chung, R. C. K.
|
| 700 |
1 |
1 |
|a Saw, L. G.
|
| 700 |
1 |
1 |
|a Soepadmo, E.
|
| 710 |
2 |
1 |
|a Forest Research Institute Malaysia
|
| 710 |
2 |
1 |
|a Institut Penyelidikan Perhutanan Malaysia
|
| 710 |
2 |
1 |
|a Sabah Forestry Department Malaysia
|
| 710 |
2 |
1 |
|a Sarawak Forestry Department Malaysia
|
| 999 |
|
|
|a 007339
|b Monograph
|c Open Shelf
|e Default branch
|